| 000 | 00904nam a22002417a 4500 | ||
|---|---|---|---|
| 005 | 20240530110515.0 | ||
| 008 | 160128s2014 ua f 000 0dara d | ||
| 017 |
_a2014/3151 _bمصر . دار الكتب المصرية |
||
| 040 | _aEG-CaGPL | ||
| 082 | 0 | 4 |
_221 _a962.066 _bق/أ ح |
| 100 | 0 | _aاحمد عبدالحميد شرف | |
| 245 |
_aالحائط العظيم : _bذكريات جندى فى حرب الاستنزاف / _cاحمد عبدالحميد شرف |
||
| 250 | _aط2 | ||
| 260 |
_aالقاهرة : _bانباء روسيا ، _c2014 . |
||
| 300 |
_a242 ص ؛ _c19 سم . |
||
| 650 | 0 | 4 | _aحرب الاستنزاف |
| 650 | 0 | 4 |
_aحرب الاستنزاف _xتحضيرات |
| 650 | 0 | 4 | _aحرب يونيو 1967 م |
| 650 | 0 | 4 | _aحرب اكتوبر 1973 م |
| 651 | 0 | 4 |
_aمصر _xتاريخ _yالعصر الحديث |
| 942 |
_2ddc _cBK |
||
| 999 |
_c61780 _d61780 |
||